000
00302nam a2200145Ia 4500
100
_a
Aklecha/ Vishivajit
942
_c
BK
654
_a
computer
245
_a
Comprehensive Guide to C++
260
_b
B.P.B.
_c
1995
082
_a
005.13'C'
_b
AKL
300
_a
426
546
_a
ENGLISH
999
_c
25860
_d
25860